| 000 | 00704nam a2200205Ia 4500 | ||
|---|---|---|---|
| 008 | 130821s1996 mx gr spa | ||
| 040 |
_aCo-BoUCM _bspa |
||
| 041 | 0 | 0 | _aspa |
| 100 | 1 |
_aArias de la Canal, Fredo _9485 |
|
| 245 | 0 | 0 |
_aAntología amarilla de Juan Delgado López _cFredo Arias de la Canal |
| 250 | _a2a. ed. aumentada | ||
| 260 |
_aMéxico D.F. (México) _bFrente de Afirmación Hispanista _c1996 |
||
| 300 | _a124 páginas | ||
| 504 | _aIncluye índice | ||
| 600 |
_aDelgado López, Juan _d1933- _9599 |
||
| 650 | 0 | 4 |
_aLiteratura española _97793 |
| 650 | 0 | 4 |
_aPoesía española _921809 |
| 942 |
_cLIBRO _a18 _e2 _mA74 _2DEWEY _h861.62 _n0 |
||
| 999 |
_c20325 _d20325 |
||